| 000 | 01511cam a2200313 a 4500 | ||
|---|---|---|---|
| 999 |
_c8142 _d8142 |
||
| 001 | 8142 | ||
| 003 | BD-JhCC | ||
| 005 | 20180218202559.0 | ||
| 008 | 841017r19681968enk b 001 0 eng c | ||
| 020 | _a0710060793 | ||
| 029 | 1 |
_aUKM _bb6808047 |
|
| 035 | _aocm11278531 | ||
| 035 | _a(BD-JhCC)8142 | ||
| 040 |
_aGZM _cGZM _dUKM _dIQU _dBD-JhCC |
||
| 041 | _aeng | ||
| 050 | 4 |
_aHM51 _b.D25 1968b |
|
| 082 | 0 | 4 |
_a301 _218 _bDAH 1968 |
| 100 | 1 |
_aDahrendorf, Ralf, _d1929-2009. |
|
| 245 | 1 | 0 |
_aEssays in the theory of society / _cRalf Dahrendorf. |
| 246 | 3 | 0 | _aTheory of society |
| 260 |
_aLondon : _bRoutledge & K. Paul, _c1968. |
||
| 300 |
_ax, 300 p. ; _c25 cm. |
||
| 500 | _aOriginally published: Stanford, Calif. : Stanford University Press, 1968. | ||
| 504 | _aIncludes bibliographical references (p. [281]-291) and index. | ||
| 505 | 0 | _aValues and social science: the value dispute in perspective -- Homo sociologicus: on the history, significance, and limits of the category of social role -- Sociology and human nature: a postscript to Homo sociologicus --Out of Utopia: toward a reorientation of sociological analysis -- In praise of Thrasymachus -- On the origin of inequality among men -- Liberty and equality: reflections of a sociologist on a classical theme of politics -- Market and plan: two types of rationality -- Uncertainty, science, and democracy -- Sociology and the sociologist: on the problem of theory and practice. | |
| 650 | 0 | _aSociology. | |
| 942 |
_2ddc _cBK |
||